Diccionario de lectura y términos afines / (Record no. 80616)

MARC details
000 -CABECERA
campo de control de longitud fija 00770nam a2200217 a 4500
005 - FECHA Y HORA DE LA ÚLTIMA TRANSACCIÓN
campo de control 20210223124114.0
008 - ELEMENTOS DE LONGITUD FIJA--INFORMACIÓN GENERAL
campo de control de longitud fija 010523s1985 es r 000 0 spa d
020 ## - NÚMERO INTERNACIONAL NORMALIZADO PARA LIBROS
Número Internacional Estándar del Libro 8486168139 (Fundación Germán Sánchez Ruipérez)
020 ## - NÚMERO INTERNACIONAL NORMALIZADO PARA LIBROS
Número Internacional Estándar del Libro 8436802756 (Pirámide)
035 ## - NÚMERO DE CONTROL DEL SISTEMA
Número de control de sistema UPN01000106704
049 ## - COLECCIÓN
Colección C
050 #4 - SIGNATURA TOPOGRÁFICA DE LA BIBLIOTECA DEL CONGRESO
Número de clasificación LB1049.98
Número de documento/Ítem D5.3
245 00 - MENCIÓN DE TÍTULO
Título Diccionario de lectura y términos afines /
Mención de responsabilidad, etc. ed. Theodore L. Harris ; tr. Elena Jiménez Morano.
260 ## - PUBLICACIÓN, DISTRIBUCIÓN, ETC.
Lugar de publicación, distribución, etc. Madrid :
Nombre del editor, distribuidor, etc. Fundación Germán Sánchez Ruipérez ;
-- Pirámide,
Fecha de publicación, distribución, etc. 1985.
300 ## - DESCRIPCIÓN FÍSICA
Extensión 445 p.
440 #0 - MENCIÓN DE SERIE/ASIENTO SECUNDARIO--TÍTULO
Título Biblioteca del libro
534 ## - NOTA SOBRE LA VERSIÓN ORIGINAL
Frase introductoria Título original:
Mención de título del original A dictionary of reading and related terms
650 #4 - ASIENTO SECUNDARIO DE MATERIA - TERMINO TEMATICO
Término de materia o nombre geográfico como elemento de entrada LECTURA -
Subdivisión de forma DICCIONARIOS
9 (RLIN) 22722
700 1# - ASIENTO SECUNDARIO--NOMBRE DE PERSONAL
Nombre de persona Harris, Theodore L.,
Término indicativo de función/relación ed.
905 ## - TIPO DE MATERIAL
Tipo de material Libro
Holdings
Estado de retiro Estado de pérdida Fuente del sistema de clasificación o colocación Estado dañado No para préstamo Código de colección Localización permanente Ubicación/localización actual Ubicación en estantería Total de préstamos Clasificación Código de barras Fecha visto por última vez Número de copia Tipo de ítem Koha
    Library of Congress Classification   Consulta Consulta Bib. Gregorio Torres Quintero Bib. Gregorio Torres Quintero Sala de lectura Sótano   LB1049.98 D5.3 180939 31/12/2020 1 Libro